[Event "FRA-chT U20"]
[Site "Pau"]
[Date "2005.12.19"]
[Round "5"]
[White "Guillaume, Kamal"]
[Black "Jorda, Thomas"]
[Result "1-0"]
[WhiteElo "1943"]
[BlackElo "1840"]
[PlyCount "105"]
[EventDate "2005.12.??"]
[EventType "team"]
[EventRounds "11"]
[EventCountry "FRA"]
[SourceTitle "EXT 2007"]
[Source "ChessBase"]
[SourceDate "2006.11.23"]
[SourceVersion "1"]
[SourceVersionDate "2006.11.23"]
[SourceQuality "1"]
[WhiteTeam "Bois Colombes"]
[BlackTeam "Hyeres"]
[WhiteTeamCountry "FRA"]
[BlackTeamCountry "FRA"]

1. d4 Nf6 2. c4 g6 3. Nc3 d5 4. cxd5 Nxd5 5. e4 Nxc3 6. bxc3 Bg7 7. Nf3 c5 8. Be3 0-0 9. Qd2 Nc6 10. d5 Qa5 11. Rc1 Ne5 12. Nxe5 Bxe5 13. f4 Bg7 14. Be2 Rd8 15. 0-0 e6 16. c4 Qxd2 17. Bxd2 Bd4+ 18. Kh1 b6 19. Bc3 Bxc3 20. Rxc3 Ba6 21. Ra3 exd5 22. Rxa6 dxe4 23. Kg1 Rd2 24. Kf2 f5 25. Rd1 Rxd1 26. Bxd1 Rd8 27. Be2 Rd7 28. Ke3 Kg7 29. Ra3 Kf6 30. Rc3 h6 31. Rc1 g5 32. Rd1 Rxd1 33. Bxd1 g4 34. Be2 h5 35. g3 Ke6 36. Bd1 Kf6 37. Ba4 Kg6 38. Be8+ Kh6 39. Ke2 a6 40. Ke3 a5 41. a3 Kg7 42. Bxh5 Kf6 43. Be8 Ke7 44. Bb5 Kd6 45. Kf2 Ke7 46. Kg2 Kf6 47. Bd7 Kg6 48. h3 gxh3+ 49. Kxh3 Kf6 50. Kg2 Kg6 51. Kf2 Kf6 52. Ke3 Kg6 53. g4 1-0

[Event "FRA-chT U20"]
[Site "Pau"]
[Date "2005.12.18"]
[Round "4"]
[White "Edouard, Romain"]
[Black "Guillaume, Kamal"]
[Result "1-0"]
[WhiteElo "2338"]
[BlackElo "1947"]
[PlyCount "75"]
[EventDate "2005.12.??"]
[EventType "team"]
[EventRounds "11"]
[EventCountry "FRA"]
[SourceTitle "EXT 2007"]
[Source "ChessBase"]
[SourceDate "2006.11.23"]
[SourceVersion "1"]
[SourceVersionDate "2006.11.23"]
[SourceQuality "1"]
[WhiteTeam "Montpellier"]
[BlackTeam "Bois Colombes"]
[WhiteTeamCountry "FRA"]
[BlackTeamCountry "FRA"]

1. e4 e5 2. Nf3 Nc6 3. d4 exd4 4. Nxd4 Qh4 5. Nb5 Qxe4+ 6. Be2 Bb4+ 7. Bd2 Kd8 8. 0-0 Nf6 9. N1c3 Qh4 10. g3 Qh3 11. Bg5 Qf5 12. Bxf6+ gxf6 13. Nd5 Ba5 14. c4 d6 15. a3 a6 16. b4 axb5 17. cxb5 Be6 18. Ne3 Qe5 19. bxc6 Bb6 20. cxb7 Rb8 21. Nc4 Bxc4 22. Bxc4 Qd4 23. Qc2 h5 24. Rae1 Re8 25. Bb5 Re5 26. Qc6 Ke7 27. Qd7+ Kf8 28. Rxe5 dxe5 29. Qc8+ Qd8 30. Bd7 Ke7 31. Rd1 h4 32. Rd5 hxg3 33. hxg3 Qg8 34. Bg4 Qe8 35. Rd7+ Kf8 36. Rxf7+ Kg8 37. Re7 Qd8 38. Bd7 1-0

[Event "FRA-chT U20a 0405"]
[Site "France"]
[Date "2005.05.16"]
[Round "11.1"]
[White "Fernandez, Laura"]
[Black "Guillaume, Kamal"]
[Result "1-0"]
[WhiteElo "1990"]
[BlackElo "1943"]
[PlyCount "157"]
[EventDate "2004.11.19"]
[EventType "team"]
[EventRounds "11"]
[EventCountry "FRA"]
[SourceTitle "EXT 2006"]
[Source "ChessBase"]
[SourceDate "2005.11.24"]
[SourceVersion "1"]
[SourceVersionDate "2005.11.24"]
[SourceQuality "1"]

1. e4 e5 2. Nf3 Nc6 3. Bc4 Bc5 4. d3 Nf6 5. c3 d6 6. Bb3 a6 7. h3 Ba7 8. Nbd2 0-0 9. Nf1 Be6 10. Ng3 Ne7 11. Bg5 Ne8 12. Bxe6 fxe6 13. Qb3 Qd7 14. Bxe7 Qxe7 15. Qxb7 Nf6 16. Qb3 d5 17. 0-0 Rab8 18. Qc2 h5 19. exd5 exd5 20. Rae1 Nd7 21. h4 Qd6 22. Kh1 Rbe8 23. Qd2 Rf6 24. Qg5 Rg6 25. Qxh5 Qf6 26. d4 e4 27. Qxd5+ Qe6 28. Qxe4 Qxe4 29. Rxe4 Rb8 30. Re7 Rd8 31. Ng5 c5 32. Nf7 Rf8 33. Rxd7 Rxf7 34. Rxf7 Kxf7 35. dxc5 Bxc5 36. Ne4 Be7 37. g3 Rb6 38. b3 a5 39. Kg2 a4 40. Nd2 Rc6 41. Nc4 Bf6 42. Rc1 Rc7 43. Nd6+ Ke6 44. Nb5 Rb7 45. c4 Be7 46. Kf3 axb3 47. axb3 Bc5 48. Re1+ Kf5 49. g4+ Kf6 50. Kg3 Rd7 51. Rb1 Rd2 52. f3 g5 53. hxg5+ Kxg5 54. Nc3 Bd6+ 55. f4+ Bxf4+ 56. Kf3 Rd3+ 57. Ke4 Rxc3 58. Kd5 Kxg4 59. c5 Kf5 60. b4 Rd3+ 61. Kc6 Ke6 62. Kb7 Rd7+ 63. Kb6 Rd4 64. Re1+ Kd7 65. c6+ Kd8 66. b5 Bg3 67. Rb1 Ra4 68. Kb7 Rg4 69. Rd1+ Ke8 70. c7 Bxc7 71. Kxc7 Rc4+ 72. Kb7 Rc2 73. Rd6 Ke7 74. Rc6 Rb2 75. b6 Kd7 76. Rg6 Rb1 77. Kb8 Rh1 78. b7 Rf1 79. Ka7 1-0

[Event "FRA-chT U20a 0405"]
[Site "France"]
[Date "2005.05.15"]
[Round "10.1"]
[White "Guillaume, Kamal"]
[Black "Chretien, Corentin"]
[Result "1-0"]
[WhiteElo "1943"]
[BlackElo "1872"]
[PlyCount "91"]
[EventDate "2004.11.19"]
[EventType "team"]
[EventRounds "11"]
[EventCountry "FRA"]
[SourceTitle "EXT 2006"]
[Source "ChessBase"]
[SourceDate "2005.11.24"]
[SourceVersion "1"]
[SourceVersionDate "2005.11.24"]
[SourceQuality "1"]

1. d4 Nf6 2. c4 c5 3. d5 b5 4. cxb5 a6 5. b6 e6 6. Nc3 exd5 7. Nxd5 Nxd5 8. Qxd5 Nc6 9. Nf3 Be7 10. Ne5 0-0 11. Nxc6 dxc6 12. Qxd8 Rxd8 13. Bf4 Bf6 14. Rd1 Rxd1+ 15. Kxd1 Bd8 16. e4 Bxb6 17. Bc4 Bd8 18. Bd6 Bb6 19. Kc2 a5 20. Rd1 Ba6 21. Bxa6 Rxa6 22. a4 Ra8 23. Kc3 Rd8 24. Kc4 f6 25. Rd2 Kf7 26. Bf4 Rd4+ 27. Rxd4 cxd4 28. b4 axb4 29. Kxb4 Ke6 30. a5 Ba7 31. Kc4 g5 32. Bg3 h5 33. f3 Kd7 34. Bf2 c5 35. h4 Kc6 36. g4 hxg4 37. h5 Bb8 38. h6 Be5 39. fxg4 f5 40. exf5 Bf6 41. Bg3 Bh8 42. Be1 Bf6 43. Bd2 Kd6 44. a6 Kc6 45. h7 Kb6 46. Bxg5 1-0

[Event "FRA-chT U20a 0405"]
[Site "France"]
[Date "2005.05.14"]
[Round "8.1"]
[White "Guillaume, Kamal"]
[Black "Vernay, Clovis"]
[Result "0-1"]
[WhiteElo "1943"]
[BlackElo "2224"]
[PlyCount "108"]
[EventDate "2004.11.19"]
[EventType "team"]
[EventRounds "11"]
[EventCountry "FRA"]
[SourceTitle "EXT 2006"]
[Source "ChessBase"]
[SourceDate "2005.11.24"]
[SourceVersion "1"]
[SourceVersionDate "2005.11.24"]
[SourceQuality "1"]

1. d4 d5 2. c4 c6 3. Nf3 Nf6 4. Nc3 dxc4 5. a4 Bf5 6. e3 e6 7. Bxc4 Bb4 8. 0-0 0-0 9. Nh4 Bg4 10. f3 Bh5 11. g4 Bg6 12. e4 Nfd7 13. Ng2 Nb6 14. Bb3 a5 15. Be3 N8d7 16. Qe2 c5 17. Rfd1 cxd4 18. Bxd4 Qe7 19. h4 f6 20. Qb5 Bf7 21. Ne3 Rac8 22. Na2 Bd6 23. Qxa5 f5 24. g5 f4 25. Ng4 Nc4 26. Qb5 e5 27. Bf2 h5 28. gxh6 Nf6 29. Nxf6+ Qxf6 30. hxg7 Kxg7 31. Kh2 Rh8 32. Rg1+ Kf8 33. Bxc4 Rxh4+ 34. Kg2 Bxc4 35. Bxh4 Qxh4 36. Qd7 Rd8 37. Qg4 Qxg4+ 38. fxg4 Be2 39. Kf2 Bd3 40. Kf3 Bc2 41. Nc3 Bc5 42. Rgf1 Rd3+ 43. Ke2 Rg3 44. Kd2 Bb3 45. Ne2 Rxg4 46. Kc3 Be6 47. b4 Be3 48. Ng1 Bd4+ 49. Kd2 Rg2+ 50. Kd3 Rg3+ 51. Kd2 Bc4 52. Ne2 Rg2 53. Rae1 Be3+ 54. Kc3 Bxe2 0-1

[Event "FRA-chT U20 0405"]
[Site "Agneaux"]
[Date "2004.12.20"]
[Round "5.2"]
[White "Jouneau, Quentin"]
[Black "Guillaume, Kamal"]
[Result "1/2-1/2"]
[WhiteElo "1810"]
[BlackElo "1947"]
[PlyCount "81"]
[EventDate "2004.12.16"]
[EventType "team"]
[EventRounds "7"]
[EventCountry "FRA"]
[SourceTitle "EXT 2006"]
[Source "ChessBase"]
[SourceDate "2005.11.24"]
[SourceVersion "1"]
[SourceVersionDate "2005.11.24"]
[SourceQuality "1"]
[WhiteTeam "Rennes Paul Bert"]
[BlackTeam "Bois Colombes"]
[WhiteTeamCountry "FRA"]
[BlackTeamCountry "FRA"]

1. e4 e5 2. Nf3 Nc6 3. d4 exd4 4. c3 dxc3 5. Nxc3 Bb4 6. Bc4 Nge7 7. Ng5 d5 8. exd5 Ne5 9. Qa4+ Bd7 10. Qxb4 a5 11. Qb3 a4 12. Qb4 c5 13. dxc6 N7xc6 14. Bxf7+ Nxf7 15. Qe4+ Qe7 16. 0-0 Ra5 17. Qxe7+ Nxe7 18. Nxf7 Kxf7 19. Rd1 Bf5 20. Bg5 Bg4 21. f3 Bxf3 22. Rf1 Rxg5 23. Rxf3+ Kg6 24. Re1 Nc6 25. Re6+ Kh5 26. Nxa4 Rd8 27. Nc3 Nd4 28. Rh3+ Kg4 29. Re4+ Kf5 30. Rd3 Ne2+ 31. Rxe2 Rxd3 32. h3 Rg6 33. g4+ Kf4 34. Kg2 Rgd6 35. Rf2+ Ke5 36. Rf5+ Ke6 37. Ne4 R6d5 38. Nc5+ Rxc5 39. Rxc5 Rd2+ 40. Kg3 Rxb2 41. Rc7 1/2-1/2

[Event "FRA-ch U14"]
[Site "Le Grand Bornand"]
[Date "2003.??.??"]
[Round "2.6"]
[White "Guillaume, Kamal"]
[Black "Brethes, Francois"]
[Result "0-1"]
[WhiteElo "1860"]
[BlackElo "2074"]
[PlyCount "160"]
[EventDate "2003.??.??"]
[EventType "swiss"]
[EventRounds "9"]
[EventCountry "FRA"]
[SourceTitle "EXT 2004"]
[Source "ChessBase"]
[SourceDate "2003.11.25"]
[SourceVersion "1"]
[SourceVersionDate "2003.11.25"]
[SourceQuality "1"]

1. d4 d5 2. c4 e6 3. Nc3 Nf6 4. Bg5 Nbd7 5. Nf3 c6 6. e3 Qa5 7. Nd2 Bb4 8. Qc2 dxc4 9. Bxf6 Nxf6 10. Nxc4 Qd8 11. Bd3 0-0 12. a3 Be7 13. 0-0 c5 14. dxc5 Bxc5 15. Rfd1 Qc7 16. Nb5 Qb8 17. Ncd6 Bxd6 18. Nxd6 Bd7 19. Ne4 Nd5 20. Nc3 h6 21. Nxd5 exd5 22. Bh7+ Kh8 23. Rxd5 Be6 24. Rd4 f5 25. Bg6 Qe5 26. Qd3 Rac8 27. Bh5 b5 28. b3 a6 29. Bf3 Qc7 30. Bd5 Bxd5 31. Rxd5 f4 32. Rd7 Qe5 33. Qd4 Qxd4 34. Rxd4 fxe3 35. fxe3 Rc3 36. Rf4 Rxf4 37. exf4 Rxb3 38. Ra2 Kg8 39. g3 Kf7 40. Kg2 Ke6 41. Kh3 Kf5 42. Kg2 Ke4 43. Kf2 Kd4 44. Ke2 Kc3 45. Ke3 Rb2 46. Ra1 Kb3 47. h4 Ra2 48. Rxa2 Kxa2 49. g4 Kxa3 50. g5 hxg5 51. hxg5 b4 52. f5 b3 53. f6 gxf6 54. gxf6 b2 55. f7 b1Q 56. f8Q+ Ka4 57. Qe8+ Qb5 58. Qe4+ Ka3 59. Kf2 a5 60. Qe7+ Qb4 61. Qd7 Qb3 62. Kg1 a4 63. Kh2 Ka2 64. Qd6 a3 65. Qd7 Kb1 66. Qe7 a2 67. Qe1+ Kb2 68. Qe5+ Qc3 69. Qb5+ Kc2 70. Qf5+ Qd3 71. Qc5+ Kb2 72. Qe5+ Kc2 73. Qc5+ Kb1 74. Qb4+ Kc1 75. Qe1+ Qd1 76. Qe5 Qd2+ 77. Kh3 Kc2 78. Kh4 Qc3 79. Qe4+ Kb3 80. Qb7+ Qb4+ 0-1

[Event "FRA-ch U14"]
[Site "Le Grand Bornand"]
[Date "2003.??.??"]
[Round "4.10"]
[White "Guillaume, Kamal"]
[Black "Heinz, Timothee"]
[Result "0-1"]
[WhiteElo "1860"]
[BlackElo "2084"]
[PlyCount "68"]
[EventDate "2003.??.??"]
[EventType "swiss"]
[EventRounds "9"]
[EventCountry "FRA"]
[SourceTitle "EXT 2004"]
[Source "ChessBase"]
[SourceDate "2003.11.25"]
[SourceVersion "1"]
[SourceVersionDate "2003.11.25"]
[SourceQuality "1"]

1. d4 Nf6 2. c4 e6 3. Nc3 Bb4 4. Nf3 c5 5. a3 Bxc3+ 6. bxc3 0-0 7. g3 cxd4 8. cxd4 d5 9. cxd5 exd5 10. Bg2 Nc6 11. Qd3 Ne4 12. Nd2 Bf5 13. Nxe4 Bxe4 14. Bxe4 dxe4 15. Qxe4 Re8 16. Qd3 Qxd4 17. Qxd4 Nxd4 18. Ra2 Rac8 19. Bd2 Nxe2 20. Be3 Nxg3 21. hxg3 Rc1+ 22. Kd2 Rxh1 23. Bxa7 h5 24. Rb2 Re7 25. Rb5 f6 26. f4 Rh3 27. a4 g6 28. Rb3 h4 29. Rb6 Rxg3 30. Rb1 h3 31. Rh1 Re4 32. Kc2 Rxa4 33. Bb6 Ra2+ 34. Kb1 Rag2 0-1

[Event "FRA-ch U12"]
[Site "Hyeres"]
[Date "2002.??.??"]
[Round "5.5"]
[White "Delorme, Axel"]
[Black "Guillaume, Kamal"]
[Result "1-0"]
[WhiteElo "2010"]
[BlackElo "1700"]
[PlyCount "47"]
[EventDate "2002.04.05"]
[EventType "swiss"]
[EventRounds "9"]
[EventCountry "FRA"]
[SourceTitle "EXT 2003"]
[Source "ChessBase"]
[SourceDate "2002.11.25"]
[SourceVersion "1"]
[SourceVersionDate "2002.11.25"]
[SourceQuality "1"]

1. e4 c6 2. d4 d5 3. Nc3 dxe4 4. Nxe4 Bf5 5. Ng3 Bg6 6. f4 e6 7. Nf3 Bd6 8. Bd3 Bxd3 9. Qxd3 Qc7 10. 0-0 Nf6 11. f5 h5 12. fxe6 Bxg3 13. exf7+ Kf8 14. hxg3 Qxg3 15. Qf5 Nbd7 16. Bf4 Qg4 17. Qxg4 Nxg4 18. Ng5 g6 19. Bd6+ Kg7 20. Ne6+ Kh6 21. f8Q+ Nxf8 22. Bxf8+ Kh7 23. Rf7+ Kg8 24. Rg7# 1-0